000 00704nam a2200277Ia 4500
001 Z_4438
003 CHAP
008 220113s1982 xx 000 0 und d
010 _a167508
040 _cCHAP
082 _a636.089 H3y
100 _aHaberman, Jules J
_952141
245 _aManual de veterinaria para granjeros y agricultores /
_cpor Jules J Haberman y Mary L. Holcomb
260 _aMéxico, D. F. :
_bCECSA,
_c1982
300 _a421 p.
440 _a
500 _a
503 _aC/E
650 _aVeterinaria
_xManuales de laboratorio I: Halcomb, Mary L II. t.
_9141736
901 _a636.089 H3y
902 _aA
910 _a1982
942 _c1
942 _cc1
999 _c167508
_d167508